| 000 | 00395nam a22001697a 4500 | ||
|---|---|---|---|
| 003 | CEME | ||
| 005 | 20210628203555.0 | ||
| 008 | 210317b xxu||||| |||| 00| 0 eng d | ||
| 020 | _a0-7494-1564-0 | ||
| 040 | _c. | ||
| 082 | _a658.3 RED'C | ||
| 100 |
_aRedman, Warren _966329 |
||
| 245 | _aCounselling your staff | ||
| 260 |
_aLONDON _bKOGAN PAGE _c1995 |
||
| 300 | _a112P | ||
| 942 |
_cBK _2ddc |
||
| 999 |
_c574311 _d574311 |
||